Statistics for Songs in Joseph and the Amazing Technicolor Dreamcoat

Click here to take the quiz!

General Stats

  • This quiz has been taken 94 times
  • The average score is 10 of 23

Answer Stats

Songs% Correct
Any Dream Will Do
85%
Any Dream Will Do/Give Me My Colored Coat
85%
Jacob and Sons
76%
Close Every Door
74%
Go, Go, Go Joseph
68%
One More Angel in Heaven
66%
Prologue
65%
Joseph's Coat
63%
Potiphar
63%
Benjamin Calypso
53%
Stone the Crows
50%
Poor, Poor Joseph
42%
Joseph's Dreams
40%
Song of the King
40%
Those Canaan Days
40%
Pharaoh Story
31%
Poor, Poor Pharaoh
21%
Jacob in Egypt
15%
Joseph All the Time
15%
Grovel, Grovel
13%
Who's the Theif?
13%
Pharaoh's Dream Explained
11%
The Brothers Come to Egypt
8%

Score Distribution

Percentile by Number Answered

Percent of People with Each Score

Your Score History

You have not taken this quiz